000 00589nam a2200229Ia 4500
003 OSt
005 20221005115439.0
006 a|||||r|||| 00| 0
007 ta
008 221004b |||||||| |||| 00| 0 mal d
024 _a59649
037 _cTextual
040 _aCRL
_cCRL
_bmal
041 _2mal
_amal
082 _aO32,3M45:g, 33L9
100 _aM.G. Nagaraja Rao
_9627557
245 0 _aChandu menon
260 _c1979
650 _aMALAYALAM LITERATURE
_938866
942 _hO32,3M45:g, 33L9
_cTEXL
_2cc
999 _c1034874
_d1034874